| 000 | 00499ntaaa2200181 4500 | ||
|---|---|---|---|
| 003 | 01 | ||
| 005 | 20251027202756.0 | ||
| 008 | 0714s1973 ag 01 | ||
| 040 |
_aAR-BaBN _bspa _cAR-BaBN _eaacr _dRIC |
||
| 082 | _a808.8700 | ||
| 245 | _aRecopilación de anécdotas de Argentinos célebres | ||
| 250 | _a1 ed. | ||
| 260 |
_aBuenos Aires : _bLa Mañana, _cs.f. |
||
| 300 | _a2 tomos | ||
| 500 | _aAnécdotas publicadas en el diario La Mañana | ||
| 650 |
_aanécdotas argentinas _927935 |
||
| 942 | _cBK | ||
| 999 |
_c23051 _d23051 |
||